Sports Quiz

Random Sports or NBA Quiz

NBA MVPs Quiz Stats

 Plays Quiz Updated Jun 25, 2019

Score 0/64 Timer 07:00
74 Plays Today
Year MVP % Correct
1987-88Michael Jordan
97.8%
1990-91Michael Jordan
97.8%
1991-92Michael Jordan
97.8%
1995-96Michael Jordan
97.8%
1997-98Michael Jordan
97.8%
2011-12LeBron James
97.6%
2012-13LeBron James
97.5%
2007-08Kobe Bryant
97.3%
2014-15Stephen Curry
96.9%
2015-16Stephen Curry
96.9%
2017-18James Harden
96.7%
2013-14Kevin Durant
96.1%
2016-17Russell Westbrook
95.9%
2001-02Tim Duncan
95.7%
2002-03Tim Duncan
95.7%
2004-05Steve Nash
95.2%
2005-06Steve Nash
95.2%
1983-84Larry Bird
95%
1984-85Larry Bird
95%
1985-86Larry Bird
95%
1999-00Shaquille O'Neal
95%
1986-87Magic Johnson
94.3%
1988-89Magic Johnson
94.3%
1989-90Magic Johnson
94.3%
2000-01Allen Iverson
93.8%
2008-09LeBron James
93.6%
2003-04Kevin Garnett
92.7%
1996-97Karl Malone
91.9%
1998-99Karl Malone
91.9%
2006-07Dirk Nowitzki
91.4%
1978-79Moses Malone
90.5%
1981-82Moses Malone
90.5%
Year MVP % Correct
1982-83Moses Malone
90.5%
1957-58Bill Russell
88.6%
1960-61Bill Russell
88.6%
1961-62Bill Russell
88.6%
1962-63Bill Russell
88.6%
1964-65Bill Russell
88.6%
1970-71Kareem Abdul-Jabbar
87.8%
1971-72Kareem Abdul-Jabbar
87.8%
1973-74Kareem Abdul-Jabbar
87.8%
1975-76Kareem Abdul-Jabbar
87.8%
1976-77Kareem Abdul-Jabbar
87.8%
1979-80Kareem Abdul-Jabbar
87.8%
1994-95David Robinson
86.8%
1959-60Wilt Chamberlain
86.8%
1965-66Wilt Chamberlain
86.8%
1966-67Wilt Chamberlain
86.8%
1967-68Wilt Chamberlain
86.8%
1993-94Hakeem Olajuwon
84.6%
2009-10LeBron James
84.6%
1992-93Charles Barkley
83.8%
2018-19Giannis Antetokounmpo
83%
1980-81Julius Erving
76.6%
2010-11Derrick Rose
74.9%
1963-64Oscar Robertson
67.4%
1956-57Bob Cousy
64.6%
1977-78Bill Walton
63.8%
1955-56Bob Pettit
57%
1958-59Bob Pettit
57%
1969-70Willis Reed
52.1%
1968-69Wes Unseld
46.6%
1974-75Bob McAdoo
42.6%
1972-73Dave Cowens
36.1%

You're not logged in!

Compare scores with friends on all Sporcle quizzes.
OR
Log In

Sporcle TV

Today on Sporcle TV


Watch our educational content, quiz creation guides, and fun videos on Sporcle TV.

Show Comments

Extras

Top Quizzes Today


Score Distribution

Your Account Isn't Verified!

In order to create a playlist on Sporcle, you need to verify the email address you used during registration. Go to your Sporcle Settings to finish the process.

Report this User

Report this user for behavior that violates our Community Guidelines.

Details: